Plan piloto de rutas turísticas y rutas de evacuación del distrito suroeste de la ciudad de León, con la creación de un sistema de información urbana Siu-León 2007

DESARROLLO URBANO. 2. PLAN estratégico DE DESARROLLO MUNICIPAL-LEON. 3. DISEÑO URBANO. 4. URBANISMO-ASPECTOS ECONOMICOS. 5. URBANISMO-ASPECTOS SOCIALES. I. Tít.

Bibliographic Details
Main Author: Corea González, Carlos Alberto
Other Authors: Tutor: Herrera Montenegro, Juan Francisco
Format: Tesis Section = Libro
Language:Undetermined
Spanish
Published: Managua UNI 2008
Subjects:
LEADER 01100nam a2200265Ia 4500
008 240830s9999 xx 000 0 und d
040 |a BIBLIOTECA-RUSB/ Mon 711.4 C824 
041 |a spa 
082 |a Mon 711.4 C824 
100 1 |a Corea González, Carlos Alberto 
245 1 0 |a Plan piloto de rutas turísticas y rutas de evacuación del distrito suroeste de la ciudad de León, con la creación de un sistema de información urbana Siu-León 2007 
260 |a Managua  |b UNI  |c 2008 
300 |a 198 p. :il. 
500 |a Contiene: anexos. 
502 |a Tesis (Arquitecto) - UNI, 2008. 
520 3 |a DESARROLLO URBANO. 2. PLAN estratégico DE DESARROLLO MUNICIPAL-LEON. 3. DISEÑO URBANO. 4. URBANISMO-ASPECTOS ECONOMICOS. 5. URBANISMO-ASPECTOS SOCIALES. I. Tít. 
650 7 |a DESARROLLO URBANO 
650 7 |b  PLAN estratégico DE DESARROLLO MUNICIPAL-LEON 
650 7 |c  DISEÑO URBANO 
650 7 |d  URBANISMO-ASPECTOS ECONOMICOS 
650 7 |e  URBANISMO-ASPECTOS SOCIALES 
700 1 |a Tutor:  |b Herrera Montenegro, Juan Francisco 
942 |c BK  |2 ddc 
991 |a TESIS 
999 |c 20887